01407cam a2200373 i 4500999001500000001001100015003000400026005001700030008004100047015001600088017004500104020001800149040004200167041001300209080003000222100003100252240003300283245012900316250002100445264004800466300002700514336002600541337003400567338002600601500004300627500003000670600005200700650004500752700003600797907007200833940000800905942001300913952010700926 c7316d7316.b74710461OSt20210225173847.0201201e202011 spca 001 0bcat|  aLL20212bnc aDL B 18636-2020bBiblioteca de Catalunya a9788429778946 aES-BaUABbcaterdacES-BaUABdES-BaBC1 acathspa a929Quintà, Alfons220041 aAmat, Jordi,d1978-eautor10aHijo del chófer.lCatalà13aEl Fill del xofer :bels fils secrets del poder: ascens i caiguda d'Alfons Quintà /cJordi Amat ; traducció: Ricard Vela aPrimera edició 1aBarcelona :bEdicions 62,cnovembre de 2020 a261 pàgines ;c23 cm atextbtxt2rdacontent asense mediacióbn2rdamedia avolumbnc2rdacarrier aTítol original: El hijo del chófer aReimpressions: 2020, 202117aQuintà i Sadurní, Alfons,d1943-20162lemac 7aPeriodisteszCatalunyaxBiografia2lemac1 aVela, Ricard,d1966-etraductor a.b74710461b15-02-21c01-12-20d01-12-20emfa g-hcatispcj0k0 aUAB 2udccMON 00104070aCDMRbCDMRd2021-02-25l5oDu 1/149pCDMR21020012r2023-09-07s2023-07-03w2021-02-25yMON